Processo Tributr̀io Analt̕ico Volume I

Bibliographic Details
Main Author: Conrado, Paulo Cesar
Format: eBook
Language:Portuguese
Published: San Pablo: Editora Noeses, 2015
Subjects:
Online Access:Acceso restringido

MARC

LEADER 00000nam a22000007a 4500
005 20210802235726.0
007 cr|||| ||||
008 210803s2015 br |||||s|||| 00||0 por d
020 |a 978-85-99349-47-2 
035 |a 34814 
040 |a vLex 
090 |c 11880  |d 11880 
100 1 |a Conrado, Paulo Cesar 
245 1 0 |a Processo Tributr̀io Analt̕ico  |h [Recurso electrn̤ico] /  |c Paulo Cesar Conrado  |n Volume I 
256 |a Servicio en ln̕ea 
260 |a San Pablo:  |b Editora Noeses,  |c 2015 
300 |a 1 recurso electrn̤ico 
500 |a Coletńea de artigos que estuda o Direito Processual Tributr̀io a partir da abordagem inďita do fenm̥eno processual, construd̕a ̉luz do modelo ter̤ico difundido na obra de Paulo de Barros Carvalho, o hoje nacional e internacionalmente conhecido “constructivismo lg̤ico-semńtico”. 
506 1 |a Disponible solo en los productos indicados  |d vLex Global  |d vLex Global (Academic Edition, excluding Law Schools)  |d vLex Global (U.S. Academic Edition, Law Schools)  |d vLex Global (U.S. Academic Edition, excluding Law Schools)  |d vLex Global (Academic Edition, Law Schools) 
650 0 4 |a Derecho Tributario  |z Brasil 
740 0 |a vLex Libros (Servicio en ln̕ea) 
856 4 0 |u https://app.vlex.com/#/sources/34814  |z Acceso restringido 
942 |c BOOK 
999 0 |a Tax Law